Transgenic cotton / (Record no. 13447)

000 -LEADER
fixed length control field 00542nam a2200217Ia 4500
020 ## - INTERNATIONAL STANDARD BOOK NUMBER
ISBN 1933100028
020 ## - INTERNATIONAL STANDARD BOOK NUMBER
ISBN 7030144708
020 ## - INTERNATIONAL STANDARD BOOK NUMBER
ISBN 0080449719
040 ## - CATALOGING SOURCE
Transcribing agency TEF
041 1# - LANGUAGE CODE
Language code of original and/or intermediate translations of text chi
082 04 - DEWEY DECIMAL CLASSIFICATION NUMBER
Classification number 633 SCI 2004 A044 Or.
245 10 - TITLE STATEMENT
Title Transgenic cotton /
260 ## - PUBLICATION, DISTRIBUTION, ETC. (IMPRINT)
Place of publication Beijing ;
-- New York :
Name of publisher Science Press,
Year of publication c2004
300 ## - PHYSICAL DESCRIPTION
Number of Pages ix, 312 p. :
Other physical details ill. ;
Dimensions 25 cm
650 #0 - SUBJECT ADDED ENTRY--TOPICAL TERM
Topical Term Cotton
650 #0 - SUBJECT ADDED ENTRY--TOPICAL TERM
Topical Term Transgenic plants
650 #0 - SUBJECT ADDED ENTRY--TOPICAL TERM
Topical Term Bacillus thuringiensis
650 #0 - SUBJECT ADDED ENTRY--TOPICAL TERM
Topical Term Agricultural biotechnology
700 1# - ADDED ENTRY--PERSONAL NAME
Personal name Jia, Shirong
942 ## - ADDED ENTRY ELEMENTS (KOHA)
Koha item type សៀវភៅភាសាអង់គ្លេស
952 ## - LOCATION AND ITEM INFORMATION (KOHA)
Withdrawn status [LOCAL, KOHA] 0
Holdings
Permanent Location Date acquired Koha item type Lost status Shelving location Barcode Current Location Full call number
Library Block A2017-08-26សៀវភៅភាសាអង់គ្លេស A044A19487Library Block A633 SCI 2004 A044 Or.
មជ្ឈមណ្ឌលឯការនៃសាកលវិទ្យាល័យភូមិន្ទកសិកម្មចំការដូង

Powered by Koha